书目信息 |
| 书名: | Physical disability, a psychosocial approach | |
| 作者: | Beatrice A. Wright. | |
| 分册号: | ||
| 分册名: | 出版地: | New York : |
|
| 出版社: | Harper & Row | |
| 出版时间: | c1983. | |
| 页数: | xxiv, 520 p. ; | |
| 开本: | 25 cm. | |
| 丛书名: | ||
| 中图分类号: | ||
| 科图分类号: | ||
| 其他分类号: | R493 | |
| 主题词: | ||
| 电子资源: | ||
| 000 | 01157pam a2200337 a 450 | |
| 001 | E0762303252 | |
| 005 | 20070506172339.29 | |
| 008 | 830512s1983 nyu b 001 0 eng | |
| 010 | @a83010713 | |
| 020 | @a0060472413. | |
| 035 | @A(DLC) 83010713 | |
| 040 | @aDLC@cDLC@dDLC | |
| 050 | 00 | @aBF727.P57@bW7 1983 |
| 060 | @aHD 7255 W947p | |
| 082 | 00 | @a362.4/01/9@2 19 |
| 090 | @aR493 | |
| 099 | @dR493@ex52 | |
| 100 | 1 | @aWright, Beatrice Ann Posner,@d1917- |
| 245 | 10 | @aPhysical disability, a psychosocial approach / @cBeatrice A. Wright. |
| 250 | @a2nd ed. | |
| 260 | @aNew York :@bHarper & Row,@cc1983. | |
| 300 | @axxiv, 520 p. ;@c25 cm. | |
| 500 | @aRev. ed. of: Physical disability, a psychological approach. | |
| 500 | @aIncludes indexes. | |
| 504 | @aBibliography: p. 481-505. | |
| 650 | 2 | @aHandicapped@xPsychology. |
| 650 | 2 | @aRehabilitation. |
| 650 | 0 | @aPeople with disabilities@xPsychology. |
| 700 | 1 | @aWright, Beatrice Ann Posner,@d1917-@tPhysical disability, a psychological approach. |
| 906 | @a7@bcbc@corignew@d1@eocip@f19@gy-gencatlg | |
| 991 | @bc-GenColl@hBF727.P57@iW7 1983@p00015239189@tCopy 1@wBOOKS | |
| Physical disability, a psychosocial approach / / Beatrice A. Wright.-2nd ed.-New York : : Harper & Row, , c1983. |
| xxiv, 520 p. ; ; 25 cm. |
| Rev. ed. of: Physical disability, a psychological approach.-Includes indexes.-Bibliography: p. 481-505. |
| ISBN 0060472413. |
| ● |
| 相关链接 |
|
|
|
|
正题名:Physical disability, a psychosocial approach
索取号:R493/x52
 
预约/预借
| 序号 | 登录号 | 条形码 | 馆藏地/架位号 | 状态 | 备注 |
| 1 | 0007659 | 300076593 | 第二样本阅览室/ [索取号:R493/x52] | 在馆 | |
| 2 | 7661 | 300076619 | 第四借阅区/ [索取号:R493/x52] | 在馆 |